000 00488nam a2200109Ia 4500
008 160909s9999 xx 000 0 und d
100 _aBivens, Jennifer
245 4 _aThe Effects of Interactional Justice Perceptions of Performance Appraisal Feedback on Appraisal Satisfaction, Counterproductive Work Behaviors, and Self-Efficacy
260 _bSouthern Illinois University at Edwardsville
_c2016
650 _aPSYCHOLOGY
856 _uhttp://pqdtopen.proquest.com/doc/1809116048.html?FMT=ABS
999 _c304087
_d304087